Earth at Night Quiz - Statistics

General Stats
  • This quiz has been taken 1,223 times
  • The average score is 6 of 10
Answer Stats
Picture Hint Answer % Correct
Continent Asia
94%
Continent Europe
84%
U.S. State Florida
83%
City New York City
81%
Peninsula Korean
72%
City Dubai
54%
Country Italy
52%
City Chicago
33%
Country Japan
31%
City Istanbul
22%
No matching quizzes found
Score Distribution
Percent of People with Each Score
Percentile by Number Answered
Your Score History
You have not taken this quiz